| 000 | 01361cam a22003134a 4500 | ||
|---|---|---|---|
| 001 | 15892061 | ||
| 005 | 20250118151236.0 | ||
| 008 | 090901s2010 paua 001 0 eng | ||
| 020 | _a9781605477268 | ||
| 020 | _a1605477265 | ||
| 050 | 0 | 0 |
_aR697.P45 _bC66 2010 |
| 082 | 0 | 0 |
_a610.76 _222 |
| 245 | 0 | 2 |
_aA comprehensive review for the certification and recertification examinations for physician assistants / _cvolume editor, Claire Babcock O'Connell ; consulting editor, Sarah F. Zarbock. |
| 250 | _a4th ed. | ||
| 260 |
_aPhiladelphia : _bWolters Kluwer Health/Lippincott Williams & Wilkins, _cc2010. |
||
| 300 |
_axi, [61], 358 p. : _bill. ; _c28 cm. |
||
| 500 | _aIncludes index. | ||
| 500 | _aPublished in collaboration with AAPA and PAEA. | ||
| 650 | 0 |
_aPhysicians' assistants _vExaminations, questions, etc. |
|
| 650 | 1 | 2 |
_aPhysician Assistants _vExamination Questions. |
| 650 | 2 | 2 |
_aCertification _vExamination Questions. |
| 700 | 1 | _aO'Connell, Claire Babcock. | |
| 700 | 1 | _aZarbock, Sarah F. | |
| 710 | 2 | _aAmerican Academy of Physician Assistants. | |
| 710 | 2 | _aPhysician Assistant Education Association. | |
| 856 | 4 | 2 |
_3Publisher description _uhttp://www.loc.gov/catdir/enhancements/fy1204/2009035860-d.html |
| 856 | 4 | 1 |
_3Table of contents only _uhttp://www.loc.gov/catdir/enhancements/fy1204/2009035860-t.html |
| 942 |
_2lcc _cBK _e4th ed. _n0 |
||
| 999 |
_c2677 _d2677 |
||